[Event "Oviedo rapid"]
[Site "Oviedo"]
[Date "1991.??.??"]
[Round "10"]
[White "Azmaiparashvili, Zurab"]
[Black "Yewdokimov, Oleg"]
[Result "1-0"]
[WhiteElo "2585"]
[BlackElo "2375"]

1.c4 b6 2.e4 Bb7 3.Nc3 e6 4.d4 Bb4 5.f3 f5 6.exf5 exf5 7.Ne2 Qh4+ 8.g3 Qh5
9.Bg2 Bxf3 10.Nf4 Bxd1 11.Nxh5 Bxh5 12.Bxa8 c6 13.Bf4 d6 14.d5 Kd7 15.O-O Bxc3
16.bxc3 Be2 17.dxc6+ Nxc6 18.Rfe1 Bxc4 19.Rad1 d5 20.Bxc6+ Kxc6 21.Re8 Kd7
22.Ra8 Ke6 23.Re1+ Kf7 24.Rxa7+ Kg6 25.Re8  1-0

[Event "Philadelphia World op"]
[Site "Philadelphia"]
[Date "1991.??.??"]
[Round "8"]
[White "Azmaiparashvili, Zurab"]
[Black "Hjartarson, Johann"]
[Result "0-1"]
[WhiteElo "2615"]
[BlackElo "2550"]

1.g3 Nf6 2.Bg2 d5 3.d3 c6 4.Nd2 e5 5.e4 dxe4 6.dxe4 Nbd7 7.Ngf3 Bc5 8.Qe2 Qc7
9.Nb3 Bb6 10.Nfd2 a6 11.a4 O-O 12.a5 Ba7 13.O-O Nc5 14.Nxc5 Bxc5 15.Nb3 Bg4
16.Bf3 Bxf3 17.Qxf3 Be7 18.Be3 Rfe8 19.Ra4 Qc8 20.Bc5 Bxc5 21.Nxc5 Nd7 22.Nd3 Nf8
23.Qe3 Qc7 24.Rb4 Ne6 25.Qb6 Qd6 26.Rc4 Re7 27.Kg2 f6 28.Rd1 Kh8 29.Qb4 Qc7
30.Nc5 Nxc5 31.Rxc5 Rd8 32.Rxd8+ Qxd8 33.Rc3 Rd7 34.Rd3 Rxd3 35.cxd3 Qc8
36.Qd6 h6 37.b4 Kh7 38.Qe7 h5 39.h3 Kh6 40.Qf7 c5 41.Qc4 Qd8 42.bxc5 Qxa5
43.g4 hxg4 44.hxg4 Qc7 45.f4 exf4 46.Kf3 g5 47.d4 Qa5 48.Qd3 Qa1 49.d5 Qh1+
50.Kf2 Qh2+ 51.Kf1 Qh1+ 52.Kf2 Qh4+ 53.Kf1 Qxg4 54.d6 f3 55.Qd2 Qh3+ 56.Kf2 Qh2+
57.Ke3 Qf4+ 58.Kd3 Qg3 59.Qb2 Kg6 60.Qa2 f2+ 61.Kd2 Qg2  0-1

[Event "Ponferrada op"]
[Site "Ponferrada"]
[Date "1991.??.??"]
[Round "?"]
[White "Kolev, Atanas"]
[Black "Azmaiparashvili, Zurab"]
[Result "0-1"]
[WhiteElo "2460"]
[BlackElo "2585"]

1.Nf3 g6 2.d4 Bg7 3.c4 d6 4.g3 Nd7 5.Bg2 e5 6.O-O Ne7 7.Nc3 O-O 8.e4 a6 9.b3 b5
10.cxb5 axb5 11.dxe5 dxe5 12.Be3 Ba6 13.Re1 Re8 14.Bf1 b4 15.Na4 Bxf1 16.Kxf1 Qc8
17.Qc2 Qb7 18.Rac1 Rec8 19.Qc4 Nf5 20.exf5 Qxf3 21.fxg6 hxg6 22.Qc6 Qf5 23.Kg2 e4
24.Bf4 g5 25.Bd2 Qf3+ 26.Kg1 Ne5 27.Qxe4 Qxe4 28.Rxe4 Nf3+ 29.Kg2 Nxd2 30.Rxb4 c5
31.Rg4 c4 32.Rxg5 Rc6 33.Nc5 Ra5 34.b4 Rxa2 35.b5 Rb6 36.Nd7 Rd6  0-1

[Event "Toledo"]
[Site "Toledo"]
[Date "1991.??.??"]
[Round "1"]
[White "De la Riva Aguado, Oscar"]
[Black "Azmaiparashvili, Zurab"]
[Result "0-1"]
[WhiteElo "2360"]
[BlackElo "2585"]

1.e4 d6 2.f4 g6 3.Nf3 Bg7 4.g3 Nc6 5.Nc3 e5 6.d3 Nge7 7.Bg2 Bg4 8.h3 Bxf3
9.Bxf3 Nd4 10.Be3 exf4 11.Bxf4 c6 12.Bg2 Qb6 13.Na4 Qa5+ 14.Nc3 Nb5 15.O-O Nxc3
16.bxc3 Qxc3 17.Rb1 b6 18.Kh1 Rd8 19.Rb3 Qc5 20.c3 O-O 21.Qe2 Qa5 22.Qb2 b5
23.a4 bxa4 24.Ra1 Nc8 25.Qa3 Nb6 26.Bxd6 Rxd6 27.Qxd6 Bxc3 28.Rbb1 Bxa1 29.Rxa1 Qc3
30.Ra2 Qb3 31.Ra3 Qd1+  0-1

[Event "Toledo"]
[Site "Toledo"]
[Date "1991.??.??"]
[Round "3"]
[White "Ubilava, Elizbar"]
[Black "Azmaiparashvili, Zurab"]
[Result "1/2-1/2"]
[WhiteElo "2535"]
[BlackElo "2585"]

1.g3 g6 2.Bg2 Bg7 3.d4 d6 4.e4 c5 5.Ne2 cxd4 6.Nxd4 Nc6 7.Ne2 Bg4 8.h3 Qa5+
9.Nd2 Bxe2 10.Qxe2 Rc8 11.c3 Nf6 12.O-O O-O 13.Nb3 Qa4 14.Rd1 Rfd8 15.Nd4 Nxd4
16.Rxd4 Qa5 17.Be3 Nd7 18.Rd5 Qc7 19.a4 Nb6 20.Rb5 Nc4  1/2-1/2

[Event "Toledo"]
[Site "Toledo"]
[Date "1991.??.??"]
[Round "5"]
[White "Braga, Fernando"]
[Black "Azmaiparashvili, Zurab"]
[Result "0-1"]
[WhiteElo "2445"]
[BlackElo "2585"]

1.d4 d6 2.Nf3 g6 3.c4 Bg7 4.Nc3 e5 5.e4 Bg4 6.dxe5 dxe5 7.Qxd8+ Kxd8 8.Ng5 Nh6
9.Be3 f6 10.h3 Bd7 11.Nf3 Nf7 12.O-O-O c6 13.c5 Ke7 14.Nd2 Be6 15.Nc4 Nd7
16.Na5 Rab8 17.Ba6 Nd8 18.Be2 b6 19.cxb6 axb6 20.Nc4 Nf7 21.Rd2 b5 22.Na5 Rhc8
23.Rhd1 Bf8 24.Bg4 f5 25.Bf3 b4 26.Na4 Ke8 27.exf5 gxf5 28.Rc2 e4 29.Be2 Ra8
30.Nb6 b3 31.axb3 Nxb6 32.Bxb6 Bb4 33.Rxc6 Bxa5 34.Bb5 Ke7 35.Bc5+ Kf6 36.Kb1 Rxc6
37.Bxc6 Rc8 38.Bd4+ Kg6 39.Ba4 Rd8 40.Kc2 f4 41.Bc3 Rxd1 42.Kxd1 Bb6 43.Ke1 Kf5
44.b4 Ne5 45.g4+ fxg3 46.fxg3 Bc4 47.b3 Bd3 48.Be8 e3 49.Bh5 Ke4  0-1

[Event "Candas op"]
[Site "Candas"]
[Date "1992.??.??"]
[Round "3"]
[White "Strikovic, Aleksa"]
[Black "Azmaiparashvili, Zurab"]
[Result "0-1"]
[WhiteElo "2480"]
[BlackElo "2610"]

1.e4 g6 2.d4 Bg7 3.g3 d5 4.e5 c5 5.c3 Nc6 6.Bg2 Bf5 7.a3 Qa5 8.Ne2 cxd4 9.b4 Qa6
10.cxd4 Nxb4 11.O-O e6 12.Nbc3 Nc6 13.Nf4 Qc4 14.Bb2 Bh6 15.Rc1 Bxf4 16.gxf4 Qa6
17.Bxd5 Rd8 18.Bxc6+ bxc6 19.a4 Ne7 20.Ba3 Bd3 21.Re1 Rd7 22.f3 O-O 23.Ne4 Bxe4
24.fxe4 f5 25.exf6 Rxf6 26.Bd6 Rf8 27.Be5 c5 28.Rxc5 Nc6 29.Qg4 Nxd4 30.Kh1 Re8
31.Rec1 Qd3 32.Qg2 Nf3 33.Rf1 Nh4 34.Rc3 Qxc3 35.Bxc3 Nxg2 36.Kxg2 Rc8 37.Be5 Rc2+  0-1

[Event "Candas op"]
[Site "Candas"]
[Date "1992.??.??"]
[Round "4"]
[White "Azmaiparashvili, Zurab"]
[Black "Minasian, Artashes"]
[Result "0-1"]
[WhiteElo "2610"]
[BlackElo "2545"]

1.c4 e5 2.Nc3 d6 3.Nf3 f5 4.d4 e4 5.Bg5 Qd7 6.Ng1 h6 7.Bc1 Nf6 8.h4 Qf7 9.Nh3 c6
10.Nf4 Nh5 11.Qa4 Nd7 12.Nxh5 Qxh5 13.e3 Qf7 14.h5 Nb6 15.Qb3 Be6 16.d5 cxd5
17.cxd5 Bxd5 18.Nxd5 Qxd5 19.Qxd5 Nxd5 20.Bd2 Rc8 21.Bb5+ Kd8 22.Ke2 Be7
23.Ba4 Bf6 24.Bb3 Nc7 25.Bf7 d5 26.Bg6 f4 27.Bf5 Rb8 28.Bb4 fxe3 29.fxe3 Be7
30.Bc3 Bf6 31.Bb4 Be7 32.Bc3 Bf6 33.Bxf6+ gxf6 34.Rhd1 Re8 35.Rac1 Re5 36.g4 Na6
37.Rd4 Ke7 38.b4 Kd6 39.a4 Rg8 40.Bc8 Rg7 41.Rf1 Rf7 42.Bf5 Rc7 43.Rfd1 Rc2+
44.Kf1 Rb2 45.Bxe4 Nxb4 46.Rb1 Rxb1+ 47.Bxb1 Nc6 48.Rf4 Ke7 49.Kf2 Re6 50.Ba2 Rd6
51.Ke2 Rd8 52.Rf1 d4 53.Rd1 d3+ 54.Kd2 Ne5 55.Rb1 b6 56.Rb4 Rc8 57.Bb1 Rc4
58.Rxc4 Nxc4+ 59.Kxd3 Nb2+ 60.Kd4 Nxa4 61.Bc2 Nc5 62.Kd5 a5 63.Bb1 a4 64.Kc4 Kd6
65.Kb4 Kc6 66.Bg6 b5 67.Be8+ Nd7 68.Bf7 Ne5 69.Be8+ Kb6 70.e4 Nc6+  0-1

[Event "Candas op"]
[Site "Candas"]
[Date "1992.??.??"]
[Round "5"]
[White "Garcia Ilundain, David"]
[Black "Azmaiparashvili, Zurab"]
[Result "1-0"]
[WhiteElo "2435"]
[BlackElo "2610"]

1.d4 d6 2.Nf3 g6 3.c4 Bg7 4.e4 Bg4 5.Be2 Nc6 6.d5 Bxf3 7.Bxf3 Nd4 8.Nc3 c5
9.dxc6 bxc6 10.Be3 e5 11.O-O Rb8 12.Qa4 Ne7 13.Bxd4 exd4 14.Nd5 O-O 15.Nxe7+ Qxe7
16.b4 Rb6 17.Rab1 Be5 18.g3 Rfb8 19.Be2 Qb7 20.a3 a6 21.Bd3 Qc8 22.Rbe1 c5
23.b5 Qd7 24.Rb1 Ra8 25.Qb3 axb5 26.cxb5 Qa7 27.Ra1 Qa4 28.Qd5 Ra7 29.f4 Bg7
30.e5 Qa5 31.e6 Rbb7 32.f5 Qd2 33.Bc4 Qe3+ 34.Kh1 Qe5 35.Qc6 d5 36.Qe8+ Bf8
37.exf7+  1-0

[Event "Candas op"]
[Site "Candas"]
[Date "1992.??.??"]
[Round "6"]
[White "Azmaiparashvili, Zurab"]
[Black "Gomez Jurado, Luis Alberto"]
[Result "1-0"]
[WhiteElo "2610"]
[BlackElo "2265"]

1.c4 e5 2.Nc3 Nf6 3.Nf3 Nc6 4.g3 d5 5.cxd5 Nxd5 6.Bg2 Nb6 7.O-O Be7 8.a3 O-O
9.b4 Be6 10.d3 a5 11.b5 Nd4 12.Rb1 Nd5 13.Na4 Bg4 14.Nxd4 exd4 15.Bb2 Bf6
16.Qc2 Re8 17.Rfd1 Rb8 18.h3 Be6 19.Nc5 g6 20.Rbc1 b6 21.Nxe6 fxe6 22.Qc4 Qd7
23.Bxd4 Bxd4 24.Qxd4 Qxb5 25.e4 c5 26.Qe5 Ne7 27.Qxe6+ Kg7 28.Qe5+ Kg8  1-0

[Event "Candas op"]
[Site "Candas"]
[Date "1992.??.??"]
[Round "9"]
[White "Levin, Felix"]
[Black "Azmaiparashvili, Zurab"]
[Result "0-1"]
[WhiteElo "2445"]
[BlackElo "2610"]

1.d4 d6 2.e4 Nf6 3.Nc3 g6 4.Nf3 Bg7 5.Be2 c5 6.d5 O-O 7.O-O Na6 8.h3 Nc7
9.a4 b6 10.Re1 Bb7 11.Bc4 e6 12.Bg5 exd5 13.exd5 h6 14.Bf4 a6 15.Qd3 Qd7
16.Nd2 Nh5 17.Bh2 Bxc3 18.Qxc3 Nxd5 19.Bxd5 Bxd5 20.g4 Ng7 21.Qd3 Bb7 22.Qxd6 Qxd6
23.Bxd6 Rfd8 24.Bf4 g5 25.Be3 f5 26.Nc4 f4 27.Bc1 Ne6 28.c3 Rd3 29.f3 Nf8
30.Ne5 Rd6 31.Nc4 Rd3 32.Ne5 Rdd8 33.c4 Rd6 34.b3 Re8 35.Bb2 Rd2 36.Bc3 Rc2
37.Rac1 Rxc1 38.Rxc1 Rd8 39.Kf2 Rd6  0-1

[Event "Dortmund op-A"]
[Site "Dortmund"]
[Date "1992.??.??"]
[Round "5"]
[White "Azmaiparashvili, Zurab"]
[Black "Glek, Igor V"]
[Result "1-0"]
[WhiteElo "2610"]
[BlackElo "2515"]

1.g3 g6 2.Bg2 Bg7 3.d4 c5 4.dxc5 Qa5+ 5.c3 Qxc5 6.Be3 Qc7 7.Qd2 Nc6 8.Na3 Nf6
9.Bh6 O-O 10.Bxg7 Kxg7 11.h4 h5 12.Nh3 d5 13.Nf4 Rd8 14.Rd1 Bf5 15.O-O Qb6
16.c4 dxc4 17.Qc3 Qa5 18.Qxc4 e5 19.Bxc6 exf4 20.Bxb7 Rab8 21.Qxf4 Rxd1 22.Qxb8 Rxf1+
23.Kxf1 Qb6 24.Nc4 Bh3+ 25.Kg1 Qb4 26.Kh2 Qxc4 27.Kxh3 Qxe2 28.Kg2 Qxb2 29.Qxa7 Ng4
30.Bd5 Ne5 31.Qe3 Ng4 32.Qa7 Qf6 33.a4 Qf5 34.Qd4+ Kh7 35.Bf3 Ne5 36.Be4 Qe6
37.Qd5 Qf6 38.a5 Ng4 39.Qxh5+  1-0

[Event "ESP-chT"]
[Site "?"]
[Date "1992.??.??"]
[Round "?"]
[White "Gil Capape, Javier"]
[Black "Azmaiparashvili, Zurab"]
[Result "0-1"]
[WhiteElo "2400"]
[BlackElo "2610"]

1.d4 d6 2.Nf3 g6 3.c4 Bg7 4.Nc3 e5 5.e4 exd4 6.Nxd4 Ne7 7.Bg5 O-O 8.Qd2 Nbc6
9.Nxc6 bxc6 10.c5 d5 11.Be2 Be6 12.O-O f6 13.Bh6 dxe4 14.Qxd8 Rfxd8 15.Bxg7 Kxg7
16.Nxe4 Rd4 17.Nc3 Rd2 18.Rfe1 Kf7 19.b3 Rad8 20.Red1 f5 21.Kf1 g5 22.Ke1 Rxd1+
23.Rxd1 Rxd1+ 24.Bxd1 Kf6 25.Kd2 Ke5 26.a3 a5 27.Kd3 Bc8 28.g3 f4 29.b4 axb4
30.axb4 Ba6+ 31.Kd2 Kd4 32.Bc2 h6 33.Bb3 Ng6 34.Ba4 Ne5 35.gxf4 gxf4 36.Bxc6 Nxc6
37.b5 Bb7 38.Ne2+ Ke4 39.bxc6 Bxc6 40.Kc3 Bd5 41.Nd4 h5 42.c6 h4 43.h3 f3
44.Nb5 Bxc6 45.Nxc7 Bd7 46.Kd2 Bxh3 47.Ne8 Ke5  0-1

[Event "ESP-chT"]
[Site "?"]
[Date "1992.??.??"]
[Round "?"]
[White "Azmaiparashvili, Zurab"]
[Black "Franco Ocampo, Zenon"]
[Result "1-0"]
[WhiteElo "2610"]
[BlackElo "2525"]

1.Nf3 d6 2.d4 f5 3.c3 Nf6 4.Qb3 e6 5.Bg5 Be7 6.Nbd2 O-O 7.Bxf6 Bxf6 8.e4 Kh8
9.e5 Be7 10.Be2 c5 11.exd6 Bxd6 12.Rd1 cxd4 13.Nc4 Bc7 14.O-O Nc6 15.cxd4 Qf6
16.Qc3 Bd7 17.Nfe5 Rfd8 18.Bf3 Rac8 19.Rfe1 Bb8 20.Nxd7 Rxd7 21.Ne5 Rd6 22.Rc1 Bc7
23.Qa3 Bb8 24.Bxc6 bxc6 25.Qa6 Rc7 26.Rxc6 Qxe5 27.dxe5 Rdxc6 28.Rd1 Kg8
29.Qb5 Rc8 30.g3 Rb6 31.Qd7 Rbc6 32.Qe7 h6 33.Rd8+  1-0

[Event "Manila ol (Men)"]
[Site "Manila"]
[Date "1992.??.??"]
[Round "?"]
[White "Azmaiparashvili, Zurab"]
[Black "Short, Nigel D"]
[Result "1-0"]
[WhiteElo "2610"]
[BlackElo "2685"]

1.d4 d5 2.c4 e6 3.Nc3 Nf6 4.Nf3 Be7 5.Bg5 O-O 6.e3 h6 7.Bh4 b6 8.Be2 Bb7
9.Bxf6 Bxf6 10.cxd5 exd5 11.b4 c5 12.bxc5 bxc5 13.Rb1 Qa5 14.Qd2 cxd4 15.Nxd4 Bxd4
16.exd4 Ba6 17.Nb5 Qd8 18.O-O Nc6 19.a4 Qf6 20.Rfd1 Rfd8 21.Rb3 Rac8 22.h3 Qg5
23.Qxg5 hxg5 24.Rg3 f6 25.Bg4 Rb8 26.Rc3 Rb6 27.Rc5 Bxb5 28.axb5 Na5 29.Re1 Kf8
30.Bh5 Rbb8 31.Rc7 Rb7 32.Ree7 Rxc7 33.Rxc7 Nb3 34.Rf7+ Kg8 35.Rxa7 Rb8 36.Bg6 Nxd4
37.b6 Nc6 38.Rc7 Nd8 39.Rd7 Kf8 40.Rxd5 Ke7 41.Rb5 Nb7 42.Bh5 Nd6 43.Rb4 Kd7
44.Bf3 g6 45.Kh2 Nc8 46.b7 Nd6 47.h4 gxh4 48.Rxh4 Nxb7 49.Rh7+ Kc8 50.Rf7 Nd6
51.Rxf6 Kd7 52.Bg4+ Ke7 53.Rxg6 Rb2 54.f3  1-0

[Event "Oviedo rapid45"]
[Site "Oviedo"]
[Date "1992.??.??"]
[Round "6"]
[White "Azmaiparashvili, Zurab"]
[Black "Westerinen, Heikki MJ"]
[Result "1-0"]
[WhiteElo "2610"]
[BlackElo "2430"]

1.c4 e5 2.Nc3 f5 3.d4 exd4 4.Qxd4 Nc6 5.Qe3+ Kf7 6.Nf3 Nf6 7.Nd5 Nb4 8.Qb3 Nbxd5
9.cxd5 Bd6 10.Ng5+ Kg8 11.g3 Qe7 12.Bg2 h6 13.Nf3 Bb4+ 14.Kf1 Kh7 15.Bf4 c6
16.Nd4 Re8 17.e3 Ne4 18.Bxe4 Qxe4 19.f3 Qxd5 20.Qxb4 g5 21.Qd6 gxf4 22.Qxd5 cxd5
23.exf4 d6 24.Rc1 b6 25.Rc7+ Kg6 26.Kf2 Ba6 27.Rhc1 Rac8 28.R1c6 Rxc7 29.Rxc7 Rc8
30.Rxa7 Bd3 31.Ke3 Bb1 32.Rd7 Rc1 33.Rxd6+ Kh7 34.Rd7+ Kg6 35.Rxd5 Rh1 36.Rd6+ Kh7
37.Rxb6 Rxh2 38.a4 Rg2 39.Rb7+ Kg6  1-0

[Event "Oviedo rapid"]
[Site "Oviedo"]
[Date "1993.??.??"]
[Round "3"]
[White "Gomez Esteban, Juan Mario"]
[Black "Azmaiparashvili, Zurab"]
[Result "0-1"]
[WhiteElo "2450"]
[BlackElo "2630"]

1.d4 d6 2.e4 g6 3.c4 e5 4.Nf3 Bg7 5.dxe5 dxe5 6.Qxd8+ Kxd8 7.Nc3 f6 8.Be3 Be6
9.O-O-O+ Nd7 10.Be2 Bh6 11.Bxh6 Nxh6 12.Rd2 c6 13.Rhd1 Ke7 14.Ne1 Rhd8 15.b4 a5
16.a3 Nb6 17.c5 Nc4 18.Bxc4 Bxc4 19.Nc2 Rxd2 20.Rxd2 axb4 21.axb4 Nf7 22.Ne3 Be6
23.Kb2 f5 24.exf5 gxf5 25.f3 h5 26.g3 Ng5 27.Rf2 Rd8 28.f4 Nh3 29.Re2 e4
30.Rg2 Rd3 31.Ned1 Kf6 32.Kc2 Rd4 33.Rd2 Rxb4 34.Ne3 Ke7 35.Ne2 Rb5 36.Nd4 Rxc5+
37.Kd1 Ng1 38.Rb2 Bc8 39.Ra2 Nf3 40.Nxf3 exf3 41.Ke1 Be6 42.Ra7 Rb5 43.Kf2 Kd6
44.Kxf3 Rb2 45.h3 Bd5+ 46.Nxd5 Kxd5 47.Ra3  0-1

[Event "ESP-chT"]
[Site "Cala Galdana"]
[Date "1994.??.??"]
[Round "?"]
[White "Azmaiparashvili, Zurab"]
[Black "Pons, Santiago"]
[Result "1-0"]
[WhiteElo "2625"]
[BlackElo "2305"]

1.d4 Nf6 2.c4 c5 3.d5 e5 4.Nc3 d6 5.e4 g6 6.Be2 Nbd7 7.g4 h5 8.g5 Nh7 9.h4 Bg7
10.Nb5 Nb6 11.Be3 a6 12.Nc3 Rb8 13.a3 Nd7 14.b4 b6 15.Rb1 Qc7 16.Bd3 f6 17.Nge2 fxg5
18.hxg5 Qd8 19.Qd2 O-O 20.Kd1 Rf7 21.Kc2 Rb7 22.Ng3 Ndf8 23.Be2 Bg4 24.Bxg4 hxg4
25.bxc5 bxc5 26.Rxb7 Rxb7 27.Rb1 Rf7 28.Na4 Nd7 29.Ne2 Bf8 30.Rg1 Qc8 31.Nec3 Be7
32.Qe2 Rf3 33.Rxg4 Qf8 34.Nb1 Bxg5 35.Nd2 Rxe3 36.fxe3 Qh6 37.Rg3 Ndf6 38.Nb6 Nh5
39.Rf3 Be7 40.Qg2 Ng5 41.Rf1 Kg7 42.Nc8 Bf8 43.Qf2 Kg8 44.Kd3 Qg7 45.Qg2 Nf7
46.Qg4 Nd8 47.Nb6 Nf6 48.Qc8 Nf7 49.Qe6 Nh7 50.Nd7 g5 51.Nf6+ Nxf6 52.Rxf6  1-0

[Event "ESP-chT"]
[Site "Cala Galdana"]
[Date "1994.??.??"]
[Round "?"]
[White "Azmaiparashvili, Zurab"]
[Black "Cramling, Pia"]
[Result "0-1"]
[WhiteElo "2625"]
[BlackElo "2515"]

1.e4 c5 2.Nf3 e6 3.b3 b6 4.d4 cxd4 5.Nxd4 a6 6.Bb2 Bb7 7.Bd3 d6 8.Nd2 Nf6
9.Qe2 Nbd7 10.g4 h6 11.O-O-O Ne5 12.f4 Nxd3+ 13.Qxd3 Nxg4 14.Qe2 Nf6 15.e5 Nd5
16.f5 Nf4 17.Qe3 Ng2 18.Qg3 Qh4 19.fxe6 Qxg3 20.exf7+ Kxf7 21.e6+ Kg6 22.hxg3 Be7
23.g4 Ne3 24.Nf5 Bg5 25.Nxe3 Bxh1 26.Nf5 Bf3 27.Nh4+ Bxh4 28.Nxf3 Bg3 29.Rg1 Bf4+
30.Kb1 Rae8 31.Re1 Bg3 32.Re3 Rhf8 33.g5 hxg5 34.a4 Bf2 35.Rd3 Rxe6 36.Bc1 g4
37.Ng5 Re1 38.Rxd6+ Rf6  0-1

[Event "ESP-chT"]
[Site "Cala Galdana"]
[Date "1994.??.??"]
[Round "?"]
[White "Azmaiparashvili, Zurab"]
[Black "Bernal Moro, Luis Javier"]
[Result "1-0"]
[WhiteElo "2625"]
[BlackElo "2390"]

1.e4 c5 2.Nf3 d6 3.d4 cxd4 4.Nxd4 Nf6 5.Nc3 Nc6 6.Bc4 e6 7.Be3 Be7 8.Qe2 O-O
9.O-O-O a6 10.Bb3 Qc7 11.g4 Nd7 12.Nf5 Nc5 13.Nxe7+ Nxe7 14.Qd2 Nxb3+ 15.axb3 e5
16.Rhg1 Rd8 17.Na4 Qc6 18.Bb6 Re8 19.Qxd6 Qxd6 20.Rxd6 Be6 21.Rd2 Rac8 22.Nc5 Rc6
23.Nxe6 Rxb6 24.Nc7 Rc8 25.Rgd1  1-0

[Event "ESP-chT"]
[Site "Cala Galdana"]
[Date "1994.??.??"]
[Round "?"]
[White "Glavina, Pablo"]
[Black "Azmaiparashvili, Zurab"]
[Result "0-1"]
[WhiteElo "2395"]
[BlackElo "2625"]

1.d4 d6 2.c4 g6 3.Nc3 e5 4.e4 exd4 5.Qxd4 Nf6 6.Bg5 Nbd7 7.Nge2 Bg7 8.Ng3 h6
9.Be3 O-O 10.Qd2 Kh7 11.Be2 Re8 12.h4 Nc5 13.h5 g5 14.O-O-O Bd7 15.f3 Qe7
16.Bd4 Qf8 17.f4 Ne6 18.e5 Ng8 19.Bg4 gxf4 20.Nf5 Nxd4 21.Nxg7 Bxg4 22.Nxe8 dxe5
23.Nxc7 Rc8 24.Rde1 Rxc7 25.Rxe5 Nc6 26.Re4 f5 27.Re6 Qf7 28.Rhe1 Nb4 29.a3 Na6
30.Qxf4 Nc5 31.R6e3 Nf6 32.Kb1 Rd7 33.Nd5 Nxh5 34.Qf2 Ne4 35.Qh4 Qg6 36.Ka2 b5
37.b3 bxc4 38.bxc4 Qg7 39.Rb3 Nhf6 40.Nxf6+ Nxf6 41.Re6 Ne4 42.Rb2 Nc3+  0-1

[Event "Groningen"]
[Site "Groningen"]
[Date "1994.??.??"]
[Round "3"]
[White "Gulko, Boris F"]
[Black "Azmaiparashvili, Zurab"]
[Result "1-0"]
[WhiteElo "2590"]
[BlackElo "2625"]

1.d4 d6 2.e4 Nf6 3.Nc3 g6 4.Bg5 c6 5.Qd2 Qa5 6.f4 b5 7.e5 Nfd7 8.exd6 f6
9.dxe7 Bxe7 10.Bh4 O-O 11.Nf3 Bb7 12.Bd3 b4 13.Ne4 c5 14.O-O Bd5 15.c4 bxc3
16.Qxc3 Qb4 17.a3 Qxc3 18.Nxc3 Bb7 19.Rae1 Bd8 20.dxc5 Nxc5 21.Bc4+ Kh8 22.Bf2 Nbd7
23.b4 Na6 24.Bd5 Bxd5 25.Nxd5 Nc7 26.Nxc7 Bxc7 27.Re7 Rfd8 28.Rd1 Nb6 29.Bd4 Bxf4
30.Bxf6+ Kg8 31.Rxd8+ Rxd8 32.Rg7+ Kf8 33.Rxa7 Rd1+ 34.Kf2 Nd5 35.Bg5 Bc7
36.Be3 Ra1 37.Bc5+ Ke8 38.Nd4 Bxh2 39.Kf3 Re1 40.Nb5 h5 41.Rg7 Rf1+ 42.Ke4 Nf6+
43.Kd3 Rd1+ 44.Kc4 Nd7 45.Bd4 Be5 46.Bxe5 Nxe5+ 47.Kc5 Kf8 48.Rc7 Rd2 49.g3 g5
50.Nd4 Ke8 51.Nf5 Kd8 52.Rg7 Nd7+ 53.Kb5 g4 54.a4 Kc7 55.Ne3 Rd3 56.Nc4 Rd5+
57.Ka6 Kc8 58.a5 Rd3 59.Nb6+ Nxb6 60.Kxb6 Rd6+ 61.Kc5 Rf6 62.b5 Kb8 63.a6 Rf5+
64.Kb6  1-0

[Event "Leon"]
[Site "Leon"]
[Date "1994.??.??"]
[Round "7"]
[White "Sion Castro, Marcelino"]
[Black "Azmaiparashvili, Zurab"]
[Result "1/2-1/2"]
[WhiteElo "2380"]
[BlackElo "2625"]

1.e4 c5 2.Nf3 d6 3.d4 cxd4 4.Nxd4 Nf6 5.Nc3 a6 6.Bc4 e6 7.Bb3 Nbd7 8.O-O Nc5
9.Qe1 Be7 10.Bg5 Bd7 11.f4 Qb6 12.Rd1 h6 13.Bh4 Nfxe4 14.Nxe4 Bxh4 15.Nxd6+ Qxd6
16.Qxh4 Qb6 17.Kh1 O-O 18.f5 exf5 19.Nxf5 Bxf5 20.Rxf5 Nxb3 21.axb3 Rad8
22.Rff1 Rfe8 23.h3 Rxd1 24.Rxd1 Kh7 25.Qc4 Qg6 26.Qd3 Re4 27.Rf1 f6 28.Rf3 h5
29.Kh2 h4 30.c4 f5 31.Re3 Qe6 32.Rxe4 fxe4 33.Qe3 Kg6 34.Kg1 Kh5 35.Qe2+ Kh6
36.Qe3+ g5 37.Kf1 Kh5 38.Qe2+ g4 39.Qe3 gxh3 40.gxh3 Qf6+ 41.Ke1 Qe5 42.Qe2+ Kh6
43.Qe3+ Kg7 44.Kd1 Kf7 45.Kc2 Ke7 46.Kc1 Kd7 47.Kc2 Qe6 48.Qd4+ Kc6 49.Qe3 b6
50.Kd2 a5 51.Kc2 b5 52.cxb5+ Kxb5 53.Qg5+ Kb6 54.Qxh4 Qc6+ 55.Kb1 Qg6 56.Ka2 Kc5
57.Qf2+ Kd5 58.Qd2+ Ke5 59.Qh2+ Ke6 60.h4 Qh5 61.Qh3+ Qf5 62.Qe3 Kf7 63.h5  1/2-1/2

[Event "Moscow ol (Men)"]
[Site "Moscow"]
[Date "1994.??.??"]
[Round "2"]
[White "Mitkov, Nikola"]
[Black "Azmaiparashvili, Zurab"]
[Result "0-1"]
[WhiteElo "2495"]
[BlackElo "2625"]

1.e4 c6 2.d4 d5 3.f3 g6 4.c3 Bg7 5.Bf4 Qb6 6.Qb3 Be6 7.Qxb6 axb6 8.Nd2 Nd7
9.Bd3 O-O-O 10.Ne2 dxe4 11.fxe4 Bg4 12.h3 Bxe2 13.Bxe2 e5 14.Bg5 Re8 15.Nc4 Kc7
16.dxe5 Bxe5 17.O-O f6 18.Nxe5 Nxe5 19.Bxf6 Nxf6 20.Rxf6 Rd8 21.Kf2 Rd2 22.Re6 Nd3+
23.Ke3 Rxe2+ 24.Kxd3 Rxg2 25.Rf1 Rd8+ 26.Ke3 Rg3+ 27.Rf3 Rxf3+ 28.Kxf3 Rf8+
29.Ke3 Kd7 30.Re5 h6 31.b4 Kd6 32.Kd4 Rc8  0-1

[Event "Moscow ol (Men)"]
[Site "Moscow"]
[Date "1994.??.??"]
[Round "3"]
[White "Azmaiparashvili, Zurab"]
[Black "Vaganian, Rafael A"]
[Result "1/2-1/2"]
[WhiteElo "2625"]
[BlackElo "2645"]

1.g3 d5 2.Bg2 Nf6 3.d3 c6 4.Nd2 e5 5.e4 Bc5 6.Ngf3 dxe4 7.dxe4 O-O 8.O-O Re8
9.Nb3 Qxd1 10.Rxd1 Bb6 11.Nbd2 Na6 12.Nc4 Bc7 13.a4 Bg4 14.Re1 Nb4 15.Ne3 Rad8
16.Nd2 Be6 17.Ndf1 a5 18.Bd2 Bb6 19.Rac1 Ng4 20.Nxg4 Bxg4 21.Be3 Bxe3 22.Nxe3 Be6
23.Bf1 Rd2 24.Red1 Red8 25.Be2 Kf8 26.Rxd2 Rxd2 27.Kf1 Ke7 28.f3 Na2 29.Rd1 Rxd1+
30.Bxd1 Kd6 31.Ke1 Kc5 32.Kd2 Nb4 33.f4 exf4 34.gxf4 f6 35.h4 b5 36.c3 Na6
37.h5 Kd6 38.axb5 cxb5 39.Kd3 Kc5 40.Bf3 b4 41.h6 gxh6 42.Bh5 Ba2 43.Kc2 bxc3
44.bxc3 Kd6 45.Kb2 Be6 46.f5 Bg8 47.Ng4 Ke7 48.e5 fxe5 49.f6+ Kf8 50.Nxe5 Nc5
51.f7 Bxf7 52.Bxf7 Nd7 53.Nxd7+ Kxf7 54.Kc2 Ke6 55.Nb6 h5 56.Kd3 h4 57.Ke4 h3
58.Kf3 h2 59.Kg2 Ke5 60.Nc4+ Ke4 61.Na3 Kd3 62.c4 Kd4 63.Kxh2 Kc5 64.Kg3 a4
65.Kh4 h5  1/2-1/2

[Event "Moscow PCA-op rapid"]
[Site "Moscow"]
[Date "1994.??.??"]
[Round "11"]
[White "Budnikov, Alexandar"]
[Black "Azmaiparashvili, Zurab"]
[Result "0-1"]
[WhiteElo "2535"]
[BlackElo "2625"]

1.d4 d6 2.c4 g6 3.Nc3 Bg7 4.e4 e5 5.Be3 exd4 6.Bxd4 Nf6 7.f3 O-O 8.Qd2 Re8
9.Nge2 Nc6 10.Be3 Ne5 11.Nf4 c6 12.h4 Qe7 13.O-O-O Rd8 14.Kb1 Be6 15.b3 d5
16.Nxe6 Qxe6 17.cxd5 cxd5 18.exd5 Qd7 19.Bb5 Qd6 20.Bg5 Rdc8 21.Bxf6 Qxf6
22.Ne4 Qb6 23.Be2 a5 24.d6 a4 25.b4 a3 26.Rc1 Rd8 27.Rhd1 Ra4 28.b5 Nc6 29.Rc3 Rd4
30.Qc2 Rb4+ 31.Rb3 Nd4 32.Qc7 Nxb3 33.axb3 Rxb3+ 34.Kc2 Rb2+  0-1

[Event "World op"]
[Site "Philadelphia"]
[Date "1994.??.??"]
[Round "?"]
[White "Zapata, Alonso"]
[Black "Azmaiparashvili, Zurab"]
[Result "1-0"]
[WhiteElo "2535"]
[BlackElo "2625"]

1.e4 d6 2.d4 Nf6 3.Nc3 g6 4.Be3 c6 5.a4 Qa5 6.Qd2 Bg7 7.Nf3 O-O 8.Be2 e5
9.h3 Re8 10.d5 Qb4 11.O-O Nxe4 12.Nxe4 Qxe4 13.dxc6 Nxc6 14.Ng5 Qf5 15.Bc4 Rf8
16.f4 exf4 17.Rxf4 Qxg5 18.Rxf7 Qa5 19.b4 Qxb4 20.Rxf8+ Kxf8 21.Qd5 Qxc4
22.Qxc4 Bxa1 23.Qf1+ Bf5 24.Qxa1 Ne5 25.Qd4 Nf7 26.c3 a6 27.Qf6 h5 28.Bd4 Re8
29.Qg7+ Ke7 30.Bf6+ Ke6 31.Bh4 Ne5 32.Qxb7 Bd3 33.Kh2 Bc4 34.Bg3 Re7 35.Qe4 Bd5
36.Qe2 Bb7 37.Qe3 Kf7 38.Qh6 Bc6 39.a5 Rb7 40.Qh7+ Kf6 41.Qh8+ Kf7 42.Bxe5 dxe5
43.Qxe5 Re7 44.Qf4+ Ke6 45.Qc4+ Kd7 46.Qxa6 Re5 47.Qa7+ Ke8 48.Qb6 Kd7 49.Qd4+ Ke6
50.a6 Re4 51.Qg7 h4 52.Qxg6+ Kd5 53.Qh5+ Kd6 54.a7  1-0

[Event "World op"]
[Site "Philadelphia"]
[Date "1994.??.??"]
[Round "?"]
[White "Vaganian, Rafael A"]
[Black "Azmaiparashvili, Zurab"]
[Result "1/2-1/2"]
[WhiteElo "2625"]
[BlackElo "2625"]

1.Nf3 g6 2.g3 Bg7 3.Bg2 e5 4.O-O d6 5.c4 Ne7 6.Nc3 O-O 7.d3 Nd7 8.Rb1 f5
9.b4 h6 10.Bb2 g5 11.Qb3 Kh8 12.e3 Ng6 13.Rfe1 h5 14.Nd2 h4 15.Qd1 Nf6 16.Nd5 c6
17.Nxf6 Bxf6 18.a4 Kg7 19.b5 c5 20.Rc1 hxg3 21.fxg3 g4 22.Rc2 Rb8 23.Nb1 f4
24.Be4 fxe3 25.Bc1 Nf4 26.Bxe3 Nh3+ 27.Kg2 Bg5 28.Bg1 Qf6 29.Nc3 Qh6 30.Nd5 Be6
31.Nc7 Bd7 32.Nd5 Rf7 33.Rf1 Rbf8 34.Rxf7+ Rxf7 35.Re2 b6 36.Re1 Bd8 37.Be3 Bg5
38.Bg1 Bd8 39.Be3 Bg5  1/2-1/2

[Event "World op"]
[Site "Philadelphia"]
[Date "1994.??.??"]
[Round "?"]
[White "Azmaiparashvili, Zurab"]
[Black "Valvo, Michael J"]
[Result "1-0"]
[WhiteElo "2625"]
[BlackElo "2365"]

1.d4 Nf6 2.c4 a6 3.Nc3 c5 4.e3 e6 5.Nf3 d5 6.a3 Nc6 7.dxc5 Bxc5 8.b4 Ba7
9.Bb2 O-O 10.Qc2 Qe7 11.Rd1 Rd8 12.Be2 dxc4 13.Rxd8+ Qxd8 14.Bxc4 b5 15.Bd3 Bb7
16.Ne4 Nd5 17.Nc5 Bxc5 18.Bxh7+ Kh8 19.bxc5  1-0

[Event "Sevilla op"]
[Site "Sevilla"]
[Date "1994.??.??"]
[Round "2"]
[White "Martin Vazquez, Jose M"]
[Black "Azmaiparashvili, Zurab"]
[Result "0-1"]
[WhiteElo "2080"]
[BlackElo "2625"]

1.d4 d6 2.Bg5 g6 3.c4 Bg7 4.Nc3 h6 5.Bh4 c6 6.e3 Qb6 7.Qd2 Nf6 8.Bd3 O-O
9.Nge2 Nbd7 10.O-O a5 11.b3 e5 12.Bc2 Re8 13.f4 exd4 14.exd4 Ng4 15.f5 g5
16.Bg3 Ne3 17.Rf2 d5 18.c5 Qd8 19.Bd3 b6 20.Rf3 Ng4 21.h3 Ngf6 22.cxb6 Qxb6
23.Kh1 Ba6 24.Rc1 Qb4 25.Bxa6 Rxa6 26.Qd3 Raa8 27.Be1 Qa3 28.Qc2 Qe7 29.Bf2 Nb6
30.Ng3 Qb4 31.Nce2 Rac8 32.Be1 Qb5 33.Rc3 h5 34.Rc5 Qa6 35.Rxa5 Qb7 36.Ng1 Nbd7
37.Qd1 g4 38.h4 Re3 39.Bf2 Re7 40.Qd2 Kh7 41.Qc2 Bh6 42.Re1 Rce8 43.Rxe7 Rxe7
44.Nxh5 Nxh5 45.f6+ Re4 46.Ne2 Ndxf6 47.Nc3 Kg7 48.Nxe4 Nxe4 49.Be1 Qe7 50.Qd3 Bd2  0-1